[Event "Rohde op 08th"]
[Site "Sautron"]
[Date "2008.11.01"]
[Round "9"]
[White "Spassov, Liuben"]
[Black "Malaniuk, Vladimir P"]
[Result "1-0"]
[WhiteElo "2417"]
[BlackElo "2534"]
[Annotator "Primel,D"]
[PlyCount "117"]
[EventDate "2008.10.25"]
[EventType "swiss"]
[EventRounds "9"]
[EventCountry "FRA"]
[SourceTitle "EXT 2009"]
[Source "ChessBase"]
[SourceDate "2008.11.26"]
[SourceVersion "1"]
[SourceVersionDate "2008.11.26"]
[SourceQuality "1"]

1. d4 Nf6 {MALANIUK est le grand spécialiste de la variante Leningrad de la
défense hollandaise mais il joue aussi parfois la vieille-Indienne} 2. c4 d6 3.
Nc3 Nbd7 {Une suite souple laissant la possibilité de jouer soit une défense
Est-Indienne,soit une défense vieille-Indienne} 4. e4 e5 5. Nf3 c6 (5... g6 {
Est-Indienne}) 6. Be2 a6 7. O-O Be7 {La solide mais un peu passive défense
Vieille-Indienne} 8. Be3 (8. Qc2 {plus courant} O-O {Beliavsky,A (2625)
-Malaniuk,V (2495) URS-ch53 Kiev 1986 1/2}) (8. Rb1 O-O 9. Re1 b5 10. b4 Bb7
11. Bf1 Re8 12. a4) 8... b5 (8... Ng4 9. Bd2 Ngf6 {1/2-1/2 Jaracz,P (2484)
-Malaniuk,V (2511)/Bydgoszcz 2001/CBM 082 ext}) 9. b4 (9. a3 O-O 10. h3 Bb7 11.
Qc2 Re8 {[%cal Ge7f8,Ge8e4,Gf6e4]} 12. Rfd1 Qc7 13. Rac1 {[%cal Gc1c7]} Rac8
14. Qb1 Qb8 15. dxe5 dxe5 16. b4 c5 $1 $132 {[%cal Gb7e4,Gf6e4]}) 9... Bb7 (
9... O-O 10. h3 Bb7 (10... a5) 11. dxe5 Nxe5 12. Nxe5 dxe5 13. Qb3 Qb8 14. a4
a5 15. c5 Bc8 16. axb5 Be6 17. Qb2 axb4 18. Qxb4 cxb5 19. Qxb5 Rc8 20. c6 Qxb5
21. Bxb5 Rab8 22. Ra7 Bb4 23. c7 Rxc7 24. Rxc7 {Navara,D (2663)-Urban,K (2482)/
Lubniewice 2005/CBM 108 ext/1-0 (42)}) (9... a5 $146 {Je n'aime pas trop la
position des noirs avec Bb7 qui est pourtant le coup normal mais "a5"
mériterait peut-être un essai pratique} 10. cxb5 (10. dxe5 $1 Nxe5 (10... dxe5
$143 11. cxb5 axb4 12. bxc6 bxc3 13. cxd7+ Bxd7 14. Nxe5 $14) 11. Nxe5 dxe5 12.
Qxd8+ Bxd8 13. a3 bxc4 14. Bxc4 Be7 15. Na4 $1 {[%csl Rb6,Rc6]} axb4 (15...
Nxe4 16. Nb6) 16. Nb6 Rb8 17. axb4 Bxb4 18. Nxc8 Rxc8 {[%csl Gc4,Ge3]} 19. Rfb1
$32) (10. bxa5 $2 Qxa5 $132) 10... axb4) 10. dxe5 $146 (10. cxb5 cxb5 11. d5
Rc8 12. Rc1 Nb6 13. Nd2 O-O 14. Qb3 Nfd7 15. a4 bxa4 16. Nxa4 Bg5 17. Nxb6 Nxb6
18. Rxc8 Bxc8 19. Ra1 f5 20. Bxg5 Qxg5 21. Qe3 Qxe3 22. fxe3 fxe4 23. Nxe4 Rd8
24. Bxa6 Bxa6 {Wegner,H (2290)-Reis,G/Germany 1988/GER-chT/1-0 (35)}) 10...
dxe5 (10... Nxe5 $5 {Dans cette position ressérée, l'échange d'une pièce
devait soulager un peu l'ukrainien.} 11. Nxe5 dxe5 12. Qb3 O-O (12... Rc8) 13.
Rfd1 Qc7 (13... Qb8) 14. Rac1 {[%cal Gc1c7]} (14. a4) 14... Rfd8 15. cxb5 Rxd1+
16. Bxd1 {[%csl Gc1][%cal Gc1c7]} cxb5 17. Nd5 $36) 11. Qb3 O-O (11... c5 {
[%cal Gf6e4,Gb7e4]} 12. cxb5 (12. a3 cxb4 13. axb4 bxc4 14. Bxc4 {[%csl Rf7]}
O-O 15. Rfd1 $14 {[%cal Gd1d8]} Nxe4 $2 16. Nxe4 Bxe4 17. Nxe5 $16) 12... cxb4)
12. Rfd1 Qb8 {La Q noire manque de bonnes cases de développement car la case
naturelle "c7" est trop risquée après Rac1} (12... Qc7 13. cxb5 axb5 14. Rac1 {
[%cal Gc3b5,Gc1c7]}) 13. c5 $1 {[%csl Ra8,Gd6] les noirs manquent d'espace} Qc7
(13... a5 14. a3 {[%csl Rb7]}) 14. a4 Rfd8 $2 {Les deux joueurs ont raté une
petite combinaison dans la partie avec le sacrifice du Nb5 mais la position
noire n'est pas trés saine} (14... h6 15. Nh4 $1 {[%cal Gh4f5]} Nxe4 $2 16. Nf5
$36) (14... Rad8 15. axb5 axb5 16. Ra7) 15. Ng5 $1 {[%csl Rf7]} Rf8 16. h3 $6 (
16. axb5 $142 axb5 17. Rxa8 Bxa8 18. Nxb5 $3 cxb5 19. Bxb5 {[%csl Rf7][%cal
Gb5c4]} h6 (19... Qc8 20. Bc4 Qe8 {[%csl Gb4,Gc5]}) 20. Nxf7 $1 Rxf7 21. Bc4
$40) 16... h6 17. Nf3 (17. axb5 $5 hxg5 18. bxa6 Bc8 19. Bxg5 $44 {Les noirs
ont une position trés désagréable а défendre car le Pa6 est bien soutenu et
les noirs manquent d'espace.}) 17... Rfd8 18. Nd2 Nf8 {[%csl Rd4,Rf4][%cal
Gf8e6]} 19. Nf1 Ne6 $11 20. Ng3 Bf8 21. Nf5 Nf4 22. Bf1 g6 23. Nh4 Rxd1 24.
Rxd1 Bc8 25. a5 $1 {[%csl Ra6,Rc6]} (25. Bxf4 exf4 26. Nxg6 $5 Be6 {Le bulgare
s'est peut-être arrêté ici dans son calcul alors qu'en fait les blancs
pouvaient obtenir des bonnes compensations} 27. Qa3 fxg6 28. axb5 a5 29. b6 $44
Qe5) 25... Be6 26. Qc2 Nh7 27. Ne2 $1 Nxe2+ 28. Bxe2 Rd8 29. Nf3 f6 30. Rxd8
Qxd8 31. Qd2 Qxd2 32. Nxd2 $14 {Début d'une finale intéressante} Bg7 (32... h5
33. Kf1 (33. g4 h4 {[%csl Rh3]})) 33. h4 f5 34. f3 Nf6 35. Bd3 Kf7 36. g3 $6 f4
$1 37. Bf2 (37. gxf4 exf4 38. Bxf4 Nh5 $44 {[%csl Gg7][%cal Gg7d4]}) 37... fxg3
38. Bxg3 Nh5 39. Bf2 Nf4 $15 40. Bf1 Bh3 41. Be3 Be6 $2 (41... Bxf1 42. Kxf1
Nd3 {[%csl Rb4]} 43. Ke2 Nxb4 $17) 42. Kh2 Bf6 43. Bf2 h5 44. Bg3 g5 $1 {
[%csl Gh5][%cal Gh5h1]} 45. hxg5 Bxg5 46. Nb1 Bb3 47. Nc3 Ke7 (47... Bc4 $5 48.
Bxc4+ bxc4 {[%cal Gf7e6,Gf4d3,Gd3b4]}) 48. Be1 Ne6 49. Ne2 Nd4 (49... Bc4) 50.
Nxd4 exd4 51. Kg3 Bd1 52. Bd3 Ke6 $17 53. f4 $2 h4+ 54. Kh3 Bxf4 55. Kxh4 Be3
$2 (55... Ke5 $19 {[%cal Gd1f3,Gf3e4] gagnant le P"e4"!}) 56. Kg3 Bh5 57. Kg2
Kf6 58. Bh4+ Bg5 $4 {MALANIUK qui est un ancien GMI du top 100 n'était
décidemment pas en forme pendant ce tounoi...} 59. e5+ {[%mdl 4096]} 1-0

[Event "FRA-ch 58 Championnat"]
[Site "Belfort"]
[Date "1983.08.14"]
[Round "3"]
[White "Giffard, Nicolas"]
[Black "Haik, Aldo"]
[Result "1-0"]
[WhiteElo "2345"]
[BlackElo "2400"]
[Annotator "Primel,D"]
[PlyCount "81"]
[EventDate "1983.08.12"]
[EventType "tourn"]
[EventRounds "15"]
[EventCountry "FRA"]
[EventCategory "2"]
[SourceTitle "EXT 2016"]
[Source "ChessBase"]
[SourceDate "2015.10.08"]
[SourceVersion "1"]
[SourceVersionDate "2015.10.08"]
[SourceQuality "1"]
[TimeControl "40/9000:16/5400:0"]

1. d4 Nf6 2. c4 d6 3. Nc3 Nbd7 4. e4 (4. Nf3 e5 5. Bg5 $1 {Considéré comme
plus précis si les Noirs jouent e5 avant c6} Be7 6. e3 O-O 7. Qc2 c6 8. Bd3 h6
9. Bh4 Re8 10. O-O-O {[%cal Gg2g4]} (10. O-O)) 4... e5 5. Nf3 Be7 6. Be2 O-O 7.
O-O c6 8. Re1 {[%cal Ge2f1,Ge1e4]} (8. Qc2) (8. Be3) 8... a6 9. Bf1 Qc7 (9...
b5 {La ligne principale} 10. a3 $1 Bb7 11. h3 $1 Re8 12. Be3 (12. Bg5 h6 13.
Bh4 Qb8 14. Bg3 Bf8) 12... exd4 13. Nxd4 Bf8 14. Nf5 {[%csl Gf5]} Ne5 15. cxb5
cxb5 16. Bg5 h6) 10. h3 (10. a3) (10. Bg5) 10... Re8 (10... b5 11. a3) 11. a3
$1 b5 12. Be3 (12. Bg5 Bb7 13. Rc1 $14 {[%cal Gc1c7]}) 12... Bb7 13. Rc1 Qb8 {
[%csl Ra8]} 14. b4 $16 exd4 (14... Bf8 {[%cal Ge5d4,Gf6e4]}) 15. Nxd4 Bf8 {
[%csl Re4]} 16. Nf5 $1 {[%csl Ra8,Rb8][%cal Gf5g7,Gf5d6] C'est l'inconvénient
d'avoir joué ed4 qui a activé le N} Ne5 (16... Nxe4 $2 17. Nh6+ $1 {[%csl
Re4][%cal Gd1g4]} gxh6 18. Qg4+ Ng5 19. Qxd7 $36) 17. Bg5 $14 Nfd7 $8 (17...
Nxc4 $2 18. Bxc4 (18. Bxf6 $5 gxf6 19. Bxc4 bxc4) 18... bxc4 19. Bxf6 gxf6 20.
Re3 $40 (20. Qg4+ $36)) (17... bxc4) 18. c5 {[%csl Rb7]} (18. cxb5 $5 axb5 19.
a4 $1 {Plus simple: Le plan a3 b4 est de gagner de l'espace а l'aile-dame et
après la poussée b7b5, l'avance a4 laisse un avantage durable aux blancs.})
18... dxc5 19. f4 cxb4 $1 (19... h6) 20. fxe5 Nxe5 21. axb4 Bxb4 $132 {[%csl
Ga6,Gb5,Gc6][%cal Ga6a1,Gb5b1,Gc6c1]} 22. Qb3 a5 $44 23. Red1 Bc8 24. Ne2 Nc4 (
24... Be6 $1 $15 {[%csl Rb3] Les compensations sont insuffisantes}) 25. Ned4 h6
$6 {[%csl Rg6]} 26. Rxc4 $1 (26. Bh4 Rxe4 27. Bg3 $44 {Les pièces Noires sont
très mal placées à l'aile-dame}) 26... bxc4 27. Bxc4 Ra7 $6 (27... Qb7 $2
28. Bxh6 $3 Bxf5 (28... gxh6 29. Qg3+ {[%cal Gg3g7]}) 29. Qg3 $1 {[%cal Gg3g7]}
Bf8 30. Bxg7 $3) (27... Rxe4 28. Nxh6+ gxh6 29. Bxf7+ Kg7 30. Bg6 {[%cal Gb3f7]
} Rf4 $1) (27... Bxf5 $5 {Un échange qui doit soulager un peu la défense des
noirs} 28. Bxf7+ Kh8 29. exf5) 28. Nxc6 Bc5+ 29. Be3 Qxb3 30. Bxb3 Bxf5 (30...
Bxe3+ $142) 31. Bxc5 Rb7 32. Ne7+ $6 $138 (32. Nxa5 {[%cal Ga5b3,Ga5b7]}) 32...
Rexe7 33. Bxe7 (33. exf5 {[%cal Gf5f6] Les Blancs étaient en zeitnot et il
était difficile d'évaluer la finale résultant de l'échange ef5} Rec7 (33...
Rxb3 34. Bxe7) 34. Bd6 Rd7 35. Ba4 $13) 33... Bxe4 $1 34. Rd8+ Kh7 35. Bxf7
Rxe7 36. Bg8+ Kg6 37. Rd6+ Kf5 38. Ra6 Re5 39. Kf2 Kg5 40. Kg3 Bb7 $4 (40...
Rc5) 41. h4+ {[%csl Ga6,Rg5,Gg8] Incroyable, malgré le matériel réduit le roi
est dans un réseau de mat!} (41. h4+ Kf5 42. Bh7+ g6 43. Bxg6#) 1-0

[Event "BL2-Ost 9798"]
[Site "Germany"]
[Date "1998.??.??"]
[Round "5.2"]
[White "Prusikin, Michael"]
[Black "Pfleger, Helmut"]
[Result "1-0"]
[WhiteElo "2450"]
[BlackElo "2480"]
[Annotator "Prusikin,M"]
[PlyCount "69"]
[EventDate "1997.10.??"]
[EventType "team-tourn"]
[EventRounds "9"]
[EventCountry "GER"]
[SourceTitle "EXT 2016"]
[Source "ChessBase"]
[SourceDate "2015.10.08"]
[SourceVersion "1"]
[SourceVersionDate "2015.10.08"]
[SourceQuality "1"]
[WhiteTeam "Forchheim"]
[BlackTeam "Bamberg"]
[WhiteTeamCountry "GER"]
[BlackTeamCountry "GER"]

1. d4 d6 2. Nf3 Nf6 3. c4 Nbd7 4. Nc3 e5 5. e4 Be7 6. Be2 O-O 7. O-O c6 8. Re1
Re8 $6 {Der Beginn eines zweifelhaften Plans, der zu einer königsindischen
Stellung, Schwarz fehlen allerdings mehrere Tempi.} ({Besser ist} 8... a6 9.
Bf1 b5 10. a3 Bb7 {wie einer der weltweit größen Experten dieser Variante,
GM Jörg Hickl zu spielen pflegt.}) 9. Bf1 Bf8 10. d5 c5 11. a3 g6 12. b4 Bg7
13. Rb1 Rf8 $146 (13... h6 14. Bd2 Kh7 15. Qc2 Rg8 16. Rb2 Nh5 17. Reb1 Qe7 18.
Ne1 b6 19. Nd3 Nf8 20. bxc5 bxc5 21. Qa4 Bd7 22. Qa6 f5 23. Rb7 Nf4 24. Nxf4
exf4 25. exf5 gxf5 26. Re1 Qf6 27. Nb5 Bxb5 28. Qxb5 Ng6 29. Re6 Qg5 30. Bc3
Ne5 31. Bxe5 dxe5 32. Rxe5 Kh8 33. Qd7 Raf8 34. Rxa7 f3 35. g3 Qg6 36. Re6 Qg5
37. Qd6 Kh7 38. a4 f4 39. Bd3+ Kh8 40. Rxh6+ Qxh6 41. Qxh6+ Bxh6 42. Rh7# {
1-0 (42) Tukmakov,V (2575)-Schmid,M (2240) Zuerich 1997}) 14. Qc2 h6 15. g3 $1
{Eine Standardidee im Kampf gegen den Hebel f7-f5. Ich habe das hervorragende
Buch von H. Kmoch "Die Kunst der Bauernführung" gut studiert.} Ne8 (15... a5
$5) 16. Bd2 f5 $6 {Zu gradlinig. Dieser Zug erleichtert die Aufgabe von Weiß,
alerdings ist es immer psychologisch schwer, passiv zu bleiben.} 17. Nh4 Qf6
18. exf5 gxf5 19. f3 $1 {Ein schöner Prophylaxezug, gegen e5-e4 gerichtet.}
Rf7 20. Kh1 Nf8 21. f4 (21. bxc5 dxc5 22. Na4 b6 23. Bc3 Qd6 24. Nb2 $18) 21...
b6 (21... e4 {war deutlich zäher:} 22. Nd1 Qd8 23. Bc3 Bxc3 24. Qxc3 b6 25.
Ne3 $16) 22. bxc5 bxc5 23. Be2 $5 {Noch einmal Prophylaxe, diesmal gegen
Nf8-g6.} ({Aber auch das direktere} 23. fxe5 dxe5 24. Na4 Nd7 25. Bh3 Nd6 26.
Rf1 {sieht kräftig aus}) 23... Re7 (23... Ng6 24. Bh5 Nxh4 25. Bxf7+ Kxf7 26.
gxh4 e4 27. Ne2 Qxh4 28. Rg1 $18) 24. Bh5 {Eine malerische Stellung: Schwarz
kann keine Figur mehr bewegen.} Bh8 25. fxe5 dxe5 26. d6 $1 $18 (26. Be3 $18)
26... Nxd6 (26... Qxd6 27. Nd5 Bb7 28. Rxb7 Rxb7 29. Nxf5 $18) 27. Nd5 Qe6 (
27... Bb7 28. Rxb7 $18) 28. Nxe7+ Qxe7 29. Bxh6 Be6 30. Red1 Nxc4 31. Nxf5 Qh7
32. Bf3 Nxa3 33. Qxc5 Bxf5 34. Bxa8 Qxh6 35. Bd5+ {Eine in zweierlei Hinsicht
denkwürdige Begegnung: mein erster Sieg über einen Großmeister in einer
Partie mit langer Bedenkzeit und gleichzeitig die letzte Turnierpartie in der
Karriere von Helmut Pfleger.} 1-0

[Event "Bodensee-Cup 6th"]
[Site "Germany"]
[Date "2000.??.??"]
[Round "?.2"]
[White "Prusikin, Michael"]
[Black "Heidenfeld, Mark"]
[Result "1-0"]
[WhiteElo "2429"]
[BlackElo "2328"]
[Annotator "Prusikin,M"]
[PlyCount "117"]
[EventDate "2000.??.??"]
[EventType "team"]
[EventRounds "3"]
[EventCountry "GER"]
[SourceTitle "EXT 2001"]
[Source "ChessBase"]
[SourceDate "2000.11.22"]
[SourceVersion "1"]
[SourceVersionDate "2000.11.22"]
[SourceQuality "1"]
[WhiteTeam "Bayern Muenchen"]
[BlackTeam "Wuerttemberg II"]
[WhiteTeamCountry "GER"]
[BlackTeamCountry "GER"]

1. d4 d6 2. Nf3 Nf6 3. c4 c6 4. Nc3 Nbd7 5. e4 e5 6. Be2 Be7 7. O-O O-O 8. Qc2
Re8 9. Rd1 Qc7 10. h3 a6 11. Be3 b5 12. dxe5 dxe5 13. cxb5 cxb5 14. Rac1 Bb7
15. Qb1 Bc6 {'N'} (15... Qa5) 16. Nd2 (16. Nd5 $16) (16. Nxb5 $5 axb5 17. Bxb5
Nb8 18. Rxc6 $1 Nxc6 19. Rc1 Rec8 20. Bxc6 Rab8 21. Rc4 $16) 16... Qb7 17. b4
Nf8 18. Bf3 Ne6 {Diagramm [#]} (18... a5 19. bxa5 Ba3 (19... Rxa5 20. Nd5 $16)
20. Rc2 Rxa5 21. Nd5 $1 $14) 19. Nd5 {'!'} Nxd5 20. exd5 Bxd5 21. Ne4 {'!'} (
21. Bxd5 Qxd5 22. Nc4 Qxd1+ 23. Rxd1 bxc4 $14) 21... Red8 {'?!'} (21... Nd4 22.
Bxd4 exd4 23. Rxd4 Bxe4 24. Bxe4 Qa7 25. Bxh7+ Kf8 26. Rd5 Rac8 27. Rcd1 $14)
22. Rxd5 {'!'} Qxd5 (22... Rxd5 23. Nc3 $18) 23. Nf6+ Bxf6 24. Bxd5 Rxd5 25.
Qe4 Rdd8 26. Rc6 Re8 27. Rb6 Nd4 28. g4 (28. Bxd4 exd4 29. Rxa6 $1 $18) 28...
Ne6 29. a3 h6 30. Qb7 Bg5 31. Rxa6 Rab8 32. Qe4 Bxe3 33. Qxe3 Nd4 34. Qe4 Rbc8
35. Kg2 g6 36. Ra7 Rc6 37. Qd5 Rce6 38. Ra8 (38. a4 $18) 38... Rxa8 39. Qxa8+
Kg7 40. Qd5 g5 41. Kg3 Kf6 42. h4 gxh4+ 43. Kxh4 Kg7 44. f4 f6 45. Qd7+ Kf8 46.
Kh5 Re7 47. Qd8+ Kf7 48. f5 Ne2 49. Kxh6 Nf4 50. g5 fxg5 51. Kxg5 Nh3+ 52. Kg4
Nf4 53. Qd6 Ne2 54. Qd5+ Kf6 55. Qc6+ Kf7 56. Qxb5 Nd4 57. Qd5+ Kf6 58. Qd6+
Kf7 59. b5 1-0

[Event "Warsaw"]
[Site "Warsaw"]
[Date "1990.??.??"]
[Round "8"]
[White "Stempin, Pawel"]
[Black "Chekhov, Valery A"]
[Result "1/2-1/2"]
[WhiteElo "2445"]
[BlackElo "2455"]
[Annotator "Ribli,Z"]
[PlyCount "42"]
[EventDate "1990.01.??"]
[EventType "tourn"]
[EventRounds "13"]
[EventCountry "POL"]
[EventCategory "9"]
[SourceTitle "CBM 017"]
[Source "ChessBase"]
[SourceDate "1990.08.01"]
[SourceVersion "1"]
[SourceVersionDate "1990.08.01"]
[SourceQuality "1"]

1. d4 Nf6 2. Nf3 c6 3. c4 d6 4. Nc3 Nbd7 5. e4 e5 6. g3 Be7 7. Bg2 b5 $5 {
7...0-0} 8. cxb5 cxb5 9. dxe5 dxe5 10. O-O O-O 11. Nd5 {11.Nxb5!?} Bb7 12.
Nxe7+ Qxe7 13. Nh4 Rfd8 14. Nf5 Qe6 15. Qe2 b4 $1 16. Re1 Nc5 17. Bg5 h6 18.
Bxf6 Qxf6 19. Red1 a5 20. h4 Ba6 21. Qe3 Na4 1/2-1/2

[Event "Dortmund op-A"]
[Site "Dortmund"]
[Date "1992.??.??"]
[Round "3"]
[White "Panzer, Peter"]
[Black "Lutz, Christopher"]
[Result "0-1"]
[WhiteElo "2355"]
[BlackElo "2540"]
[Annotator "Ribli,Z"]
[PlyCount "94"]
[EventDate "1992.04.??"]
[EventType "swiss"]
[EventRounds "11"]
[EventCountry "GER"]
[SourceTitle "CBM 029"]
[Source "ChessBase"]
[SourceDate "1992.08.01"]
[SourceVersion "1"]
[SourceVersionDate "1992.08.01"]
[SourceQuality "1"]

1. d4 Nf6 2. c4 d6 3. Nc3 Nbd7 4. e4 e5 5. Nf3 Be7 6. Be2 O-O 7. O-O c6 8. Qc2
a6 9. Rd1 Qc7 10. Bg5 Re8 (10... b5 11. cxb5 cxb5 12. Rac1 Re8 13. a4 b4 14.
Nd5 Qxc2 15. Nxe7+ Rxe7 16. Rxc2 $14 {Poluljahov,A-Shuraev,A URS-sf Voronez
1991 EXP/22}) 11. Rac1 (11. Rd2 $5 h6 12. Bh4 Nf8 13. c5 exd4 14. cxd6 Bxd6 15.
Bxf6 dxc3 16. Bxc3 Bf4 17. Rdd1 Bg4 18. g3 Bxf3 19. Bxf3 Be5 20. Bxe5 Rxe5 21.
Rd2 $14 {Kozul,Z-Lobron,E Vidmar-mem 1989 CBM/14}) (11. h3 $5 b5 12. dxe5 dxe5
13. cxb5 cxb5 14. Rac1 Bb7 15. a4 $1 $14 {Misuckov-Kuksov URS 1988 46/(94)})
11... h6 12. Bh4 Qb8 (12... Nf8 13. c5 exd4 14. cxd6 Bxd6 15. Rxd4 Ng4 16. Bg3
Bxg3 17. hxg3 Qe7 18. Rcd1 $10 {Beliavsky-Malanjuk URS-ch 1986 41/64}) 13. a3
b5 14. b4 Bb7 15. dxe5 dxe5 16. Nd2 (16. c5 $5) 16... Nf8 17. f3 $2 (17. Nb3)
17... Ng4 18. Bxe7 $2 (18. fxg4 Bxh4 19. Nf3 Be7 20. c5 $15) 18... Ne3 19. Qb1
Nxd1 20. Bc5 Nxc3 21. Rxc3 Ne6 22. Bb6 Bc8 $17 23. c5 Nd4 24. Bd1 Be6 25. a4
bxa4 26. Rd3 Qc8 27. Bxa4 Re7 28. Nb3 Bxb3 29. Bxb3 Rd7 30. Bc4 Ne2+ 31. Kf2
Nf4 32. Rd1 Qe8 33. Qa1 Qe7 34. g3 Ne6 35. Bxe6 Qxe6 36. Rxd7 Qxd7 37. Ke2 Qe6
38. Qb2 Rb8 39. Kd3 Rb7 $1 40. Kc3 Rd7 41. Qe2 Qf6 42. h4 Kh7 43. Kb3 Qg6 44.
Qxa6 Qxg3 45. Qf1 Qh2 $1 46. b5 Qd2 47. bxc6 Rd4 0-1

[Event "GER-ch"]
[Site "Bad Neuenahr"]
[Date "1991.??.??"]
[Round "4"]
[White "Lutz, Christopher"]
[Black "Hickl, Joerg"]
[Result "0-1"]
[WhiteElo "2500"]
[BlackElo "2480"]
[Annotator "Ribli,Z"]
[PlyCount "96"]
[EventDate "1991.06.??"]
[EventType "tourn"]
[EventRounds "15"]
[EventCountry "GER"]
[EventCategory "7"]
[SourceTitle "CBM 024"]
[Source "ChessBase"]
[SourceDate "1991.10.01"]
[SourceVersion "1"]
[SourceVersionDate "1991.10.01"]
[SourceQuality "1"]

1. d4 Nf6 2. c4 d6 3. Nc3 e5 4. Nf3 Nbd7 5. e4 Be7 6. Be2 O-O 7. O-O c6 8. Qc2
a6 9. Rd1 Qc7 10. h3 (10. Bg5 $5 Re8 11. Rd2 h6 12. Bh4 Nf8 13. c5 $1 $14 {
Kozul,Z-Lobron,E Vidmar-mem 1989 CBM/14}) (10. d5 $5 Rb8 11. Ne1 Re8 12. Be3
$14 {Krasenkov,M-Balashov,Y URS-sf Moscow-ch 1989 CBM/16}) 10... Re8 11. Be3 b5
12. a3 Bb7 $1 {N} (12... exd4 $6 13. Nxd4 Bb7 14. Nf5 $14 {Rechlis-Greenfeld,A
Beer-Sheva 1988 45/76}) 13. Rac1 Rac8 14. dxe5 $6 (14. Qb1 $5) 14... dxe5 15.
Qb1 (15. b4 $5) 15... b4 16. axb4 Bxb4 17. Nd2 a5 18. Nb3 Bxc3 19. bxc3 c5 20.
f3 a4 21. Na1 Ra8 22. Nc2 a3 23. Qb3 Bc6 24. Nxa3 Ba4 25. Nb5 Qa5 26. Qb1 Bxd1
27. Rxd1 Red8 28. Bf1 h6 29. Bf2 Rac8 30. Nd6 Rb8 31. Nb5 Rbc8 32. Nd6 Rb8 33.
Nb5 Qb6 34. Bg3 Nh5 35. Bf2 Ndf6 36. Re1 Nf4 37. g3 Ne6 38. h4 Rd7 39. Qa2 Rbd8
40. Be3 Rd1 41. Rxd1 Rxd1 42. Qa8+ Rd8 43. Qa2 Qc6 44. Qe2 Qa8 45. Bh3 Qa1+ 46.
Kf2 Ra8 47. Bd2 Ra2 48. Nd6 Nd4 $1 0-1